000 01063nam a2200313 i 4500
003 EG-GICUC
005 20260121101221.0
008 251114s2004 su ||||fr|||| 00| 0 ara d
017 _a21/5009
020 _a9960372197
040 _a EG-GICUC
_bara
_c EG-GICUC
_d EG-GICUC
_erda
041 0 _aara
082 0 4 _221
_a345.0531
_bا ل . ق
092 0 4 _221
099 _aLaw1 07 345.0531 ا ل . ق 2004
100 0 _aالسيد خليل هيكل
_eمؤلف.
245 1 2 _aالقانون الإداري السعودي /
_cالدكتور السيد خليل هيكل.
250 _aالطبعة الثانية
264 1 _aالرياض :
_bمطابع جامعة الملك سعود،
_c1994.
300 _a353 ؛ صفحة
_c24 سم.
336 _2rda content
_atext
337 _2rda media
_aComputer
338 _2rda carrier
_aOnline Resource
546 _aالنص باللغة العربية
650 1 4 _aالقانون الإداري
856 4 0 _uhttps://fll.law.cu.edu.eg/fulltext/bks/B07-00747.pdf
905 _a30
942 _2ddc
_cBK
_e21
_n0
999 _c43241
_d43241